Statistics for Paul McCartney & Wings Discography

Click here to take the quiz!

General Stats

  • This quiz has been taken 35 times
  • The average score is 6 of 7

Answer Stats

YearAnswer% Correct
1973Band on the Run
100%
1975Venus and Mars
90%
1973Red Rose Speedway
87%
1979Back to the Egg
83%
1976Wings at the Speed of Sound
83%
1978London Town
80%
1971Wild Life
80%

Score Distribution

Percentile by Number Answered

Percent of People with Each Score

Your Score History

You have not taken this quiz